Tatologías /
Guardado en:
| Hovedforfatter: | |
|---|---|
| Andre forfattere: | |
| Format: | Ukendt |
| Sprog: | Spanish |
| Udgivet: |
Guatemala:
Ediciones del cadejo,
2009
|
| Udgivelse: | 1. edición |
| Fag: | |
| Tags: |
Tilføj Tag
Ingen Tags, Vær først til at tagge denne postø!
|
MARC
| LEADER | 000000000a22000000004500 | ||
|---|---|---|---|
| 001 | 001009 | ||
| 008 | 170621s2009 gt ||||| |||| 00| e spa d | ||
| 020 | |a 9789992286821 | ||
| 041 | 0 | |a español | |
| 082 | |a G868.4 |b R621t | ||
| 100 | 1 | |a Rivera, Luis Eduardo, |c 1949- | |
| 245 | 1 | 0 | |a Tatologías / |c Luis Eduardo Rivera; Jacobo Rodríguez Padilla, ilustrador |
| 250 | |a 1. edición | ||
| 260 | |a Guatemala: |b Ediciones del cadejo, |c 2009 | ||
| 300 | |a 95 páginas, |b [10] láminas a color | ||
| 500 | |a Número de inscripción 14082 | ||
| 500 | |a El libro se compone de tres partes. La primera se titula Obras Incompletas de Tato (Tato es el personaje principal de Velador de Noche, Soñador de día, cuyos escritos íntimos son el hilo conductor de esta novela escrita como un collage). La segunda parte se titula Textículos, también relacionada con los textos de Velador, sobre todo en lo que respecta al humor y la brevedad. Y la tercera se llama De Diario a Diarios; juega con el término "diario" (periódico, cotidiano) y con el subgénero literario "Diario", que forma parte de la literatura: el diario íntimo. | ||
| 650 | 4 | |a LITERATURA GUATEMALTECA |9 46 | |
| 700 | 1 | 2 | |a Rodríguez Padilla, Jacobo, |c ilustrador |
| 942 | |2 ddc |c BK | ||
| 999 | |c 2136 |d 2136 | ||



